Mathématiques par lettre - I - Statistiques

Statistiques générales
  • Ce quiz a été pris 300 fois
  • Le résultat moyen est 11 sur 20
Statistiques - réponses
Hint Réponse % Correct
Triangle dont deux côtés sont égaux Isocèle
91%
Nombre encore plus grand que le plus grand imaginable Infini
82%
Partie d'un nombre complexe Imaginaire
80%
Nombre de la forme 2k+1, avec k entier Impair
80%
Qui ne peut se simplifier davantage Irréductible
80%
Variable que l'on cherche à calculer Inconnue
79%
Ensemble des nombres compris entre deux bornes Intervalle
69%
Instruction conditionnelle en informatique If
68%
En probabilité, si deux éléments sont totalement autonomes; l'un n'influence en rien l'autre Indépendants
68%
Nombre qui ne peut pas s'exprimer par une fraction Irrationnel
68%
Aire de la surface limitée par une courbe Intégrale
64%
Comparaison entre deux nombres Inégalité
57%
Deux événements qui ne peuvent pas se réaliser en même temps Incompatibles
51%
Point de concours Intersection
42%
Point d'une courbe où celle-ci se trouve de part et d'autres de la tangente en ce point Inflexion
36%
Relation toujours valable quels que soient les valeurs des variables Identité
35%
Polyèdre à 20 faces Icosaèdre
21%
Polygone à 20 côtés Icosagone
19%
Application telle que, appliquée deux fois, elle redonne les éléments de départ Involution
17%
Fraction dont le numérateur est plus grand que le dénominateur Impropre
0%
Aucun quiz correspondant
Distribution des résultats
% des personnes avec chaque résultat
Percentile par nombre de réponses
Votre historique - résultats
Vous n’avez pas pris ce quiz